| 000 | 00473nam a2200181Ia 4500 | ||
|---|---|---|---|
| 001 | 2998 | ||
| 005 | 20260306144848.0 | ||
| 008 | 260306t2008||||xx |||||||||||||| ||spa|| | ||
| 041 | _aESP | ||
| 082 |
_a240 _bM41 |
||
| 100 |
_aMelina, Livio _eAUT |
||
| 245 | 0 |
_aAzione: _bepifania dell amore: la morale cristiana oltre il moralismo e l´antimoralismo |
|
| 260 | _c2008 | ||
| 300 |
_a231 páginas : _c24 cm. |
||
| 650 | _aGEN | ||
| 654 | _aCHU | ||
| 942 |
_cLIB _dJUS _fJUS _2ddc _n |
||
| 999 |
_c2998 _d2998 |
||